00706 2200193 4500001002100000005001700021008004100038035002400079082001900103090002900122245014400151260007400295300003100369504003100400650003800431700002300469700001000492990001000502YOGYA-0411000000237320110428094027.0 ind  0010-041100000002373 a301.3609922227 a301.3609922227bPerlYOG aPerkampungan di perkotaan sebagai wujud proses adaptasi Sosial Daerah Istimewa Yogyakartabpenulis Wuryanto Abdullah [et al]ceditor Djenen aJakartabProyek Inventarisasi dan Dokumentasi Kebudayaan Daerahc1985 axiii, 129 hlmbilusc23 cm aBibliografi : hlm. 128-129 aSosial, Perkampungan - Yogyakarta aAbdullah, Wuryanto aJenen a893-A